| 000 | 00897cam a22002413a 4500 | ||
|---|---|---|---|
| 001 | 11906 | ||
| 003 | PGUSA | ||
| 005 | 20140828083242.0 | ||
| 008 | 040401s2004||||xxu|||||s|||||000 | eng d | ||
| 040 |
_aPGUSA _beng |
||
| 042 | _adc | ||
| 050 | 4 | _aBF | |
| 100 | 1 |
_aBragdon, Claude Fayette, _d1866-1946 |
|
| 245 | 1 | 0 |
_aFour-Dimensional Vistas _h[electronic resource] / _cClaude Fayette Bragdon |
| 260 |
_bProject Gutenberg, _c2004 |
||
| 505 | 0 | _aThe quest of freedom -- The dimensional ladder -- Physical phenomena -- Transcendental physics -- Curved time -- Sleep and dreams -- The night side of consciousness -- The eastern teaching -- The mystics -- Genius -- The gift of freedom. | |
| 506 | _aPublic domain in the USA. | ||
| 516 | _aElectronic text | ||
| 653 | _aFourth dimension | ||
| 830 | 0 |
_aProject Gutenberg _v11906 |
|
| 856 | 4 | 0 | _uhttp://www.gutenberg.org/ebooks/11906 |
| 942 | _cEB | ||
| 999 |
_c241161 _d241161 |
||